| 000 | 00837nam a2200241 a 4500 | ||
|---|---|---|---|
| 001 | 000041252 | ||
| 005 | 20260305073955.0 | ||
| 008 | 130902s1984 sp abc 000 0bspa d | ||
| 020 | _a8434581663 | ||
| 040 |
_aDO-SdBNP _bspa _cBNPHU |
||
| 082 |
_a923.587 _bB689C |
||
| 100 | 1 |
_aCampos, Jorge _93499 |
|
| 245 | 1 | 0 |
_aBolivar / _cJorge Campos; prólogo, Manuel Pérez Vila. |
| 260 |
_aBarcelona : _bSalvat, _c1984. |
||
| 300 |
_a197 p. : _bil., retrs. ; _c20 cm. |
||
| 490 | 1 |
_aBiblioteca Salvat de grandes biografías _v21 |
|
| 504 | _aBibliografía p: 197 | ||
| 600 | 1 | 0 |
_aBolívar, Simón, _d1783-1830 _9253 |
| 650 | 4 |
_aJefes de estado _zAmérica Del Sur _xBiografías _967850 |
|
| 700 | 1 | 2 |
_aPérez Vila, Manuel _eprol. _93569 |
| 830 | 0 |
_aBiblioteca Salvat de grandes biografías _n21 _967851 |
|
| 910 | _aValidado. Control de calidad MFF | ||
| 999 |
_c40742 _d40742 |
||